[Event "Kiel op-A 27th"]
[Site "Kiel"]
[Date "2014.08.02"]
[Round "1"]
[White "Gutschenreiter, Dorian"]
[Black "Neumann, Joachim"]
[Result "0-1"]
[WhiteElo "1874"]
[BlackElo "2179"]
[PlyCount "76"]
[EventDate "2014.08.02"]
[EventType "swiss"]
[EventRounds "9"]
[EventCountry "GER"]
[SourceTitle "CBM 161 Extra"]
[Source "ChessBase"]
[SourceDate "2014.08.29"]
[SourceVersion "1"]
[SourceVersionDate "2014.08.29"]
[SourceQuality "1"]

1. e4 c5 2. Nc3 Nc6 3. Bb5 e6 4. Bxc6 bxc6 5. d3 Ne7 6. f4 Ng6 7. Nf3 Be7 8. 0-0 d5 9. Kh1 0-0 10. Qe1 c4 11. exd5 exd5 12. Nd4 Bf6 13. Nxc6 Qd6 14. Na5 Qc5 15. dxc4 Qxa5 16. Nxd5 Qxe1 17. Nxf6+ gxf6 18. Rxe1 Bb7 19. Kg1 Nh4 20. Re3 Nf5 21. Re1 Rfe8 22. Bd2 h5 23. Kf2 Nd6 24. b3 Kh7 25. Be3 Be4 26. c5 Nf5 27. c4 a5 28. Rad1 Rac8 29. Rd7 Kg6 30. Ra7 Nxe3 31. Rxe3 Rxc5 32. Rd7 f5 33. Rg3+ Kf6 34. Rg5 Ke6 35. Rd4 Bb1 36. Rd2 Kf6 37. Rb2 Be4 38. Re2 a4 0-1

[Event "Schleswig Holstein-ch U16"]
[Site "Neumuenster"]
[Date "2014.04.21"]
[Round "1"]
[White "Tiedemann, Fin Niklas"]
[Black "Gutschenreiter, Dorian"]
[Result "0-1"]
[WhiteElo "1607"]
[BlackElo "1829"]
[PlyCount "88"]
[EventDate "2014.04.??"]
[EventType "swiss"]
[EventRounds "9"]
[EventCountry "GER"]
[SourceTitle "EXT 2022"]
[Source "ChessBase"]
[SourceDate "2021.10.06"]
[SourceVersion "1"]
[SourceVersionDate "2021.10.06"]
[SourceQuality "1"]

1. e4 c5 2. Nc3 d6 3. g3 Nc6 4. Bg2 g6 5. d3 Bg7 6. f4 e6 7. Nf3 Nf6 8. 0-0 0-0 9. Be3 Bd7 10. Kh1 a6 11. Bg1 Rc8 12. e5 dxe5 13. Bxc5 Re8 14. fxe5 Ng4 15. Qe2 Ngxe5 16. Nxe5 Bxe5 17. Qf2 f5 18. d4 Bg7 19. Rad1 b6 20. d5 bxc5 21. dxc6 Rxc6 22. h3 Bd4 23. Rxd4 cxd4 24. Qxd4 Rc8 25. Qa7 Qc7 26. Qxa6 Bc6 27. Rd1 Bxg2+ 28. Kxg2 Qc6+ 29. Qxc6 Rxc6 30. Rd2 Rb8 31. Na4 e5 32. b3 Ra8 33. c4 Rxa4 34. bxa4 Rxc4 35. a3 Rxa4 36. Rd3 e4 37. Rc3 Kg7 38. Kf2 Kf6 39. Ke3 Ke5 40. h4 Ra5 41. Rb3 h6 42. a4 g5 43. hxg5 hxg5 44. g4 f4+ 0-1

[Event "Schleswig Holstein-ch Seniors"]
[Site "Leck"]
[Date "2014.04.18"]
[Round "9"]
[White "Gutschenreiter, Dorian"]
[Black "Bahr, Torsten"]
[Result "1-0"]
[WhiteElo "1811"]
[BlackElo "1935"]
[PlyCount "101"]
[EventDate "2014.04.12"]
[EventType "swiss"]
[EventRounds "9"]
[EventCountry "GER"]
[SourceTitle "EXT 2018"]
[Source "ChessBase"]
[SourceDate "2017.10.13"]
[SourceVersion "1"]
[SourceVersionDate "2017.10.13"]
[SourceQuality "1"]

1. e4 c6 2. d4 d5 3. Nc3 dxe4 4. Nxe4 Bf5 5. Ng3 Bg6 6. h4 h6 7. h5 Bh7 8. Nf3 Nd7 9. Bd3 Bxd3 10. Qxd3 Qc7 11. Bd2 e6 12. 0-0-0 0-0-0 13. Ne4 Ngf6 14. Kb1 Nc5 15. Nxc5 Bxc5 16. c3 Bd6 17. Qe2 Rhe8 18. Ne5 Bxe5 19. dxe5 Nd5 20. c4 Ne7 21. g4 Kb8 22. f4 Ng8 23. Bb4 c5 24. Bc3 Rxd1+ 25. Rxd1 Rd8 26. Rd6 Ne7 27. Qd2 Nc6 28. Ba5 b6 29. Rxc6 bxa5 30. Rxc7 Rxd2 31. Rxf7 Rf2 32. f5 exf5 33. gxf5 Kc8 34. e6 Kd8 35. Rd7+ Ke8 36. Rd5 Rh2 37. Rxc5 Rxh5 38. Rd5 Rh4 39. c5 a4 40. Rd7 Rc4 41. Rxg7 Rxc5 42. f6 Rg5 43. Rxg5 hxg5 44. f7+ Ke7 45. Kc1 g4 46. Kd1 g3 47. Ke2 a3 48. bxa3 g2 49. Kf2 g1Q+ 50. Kxg1 Kxe6 51. f8Q 1-0

[Event "Kiel op-A 26th"]
[Site "Kiel"]
[Date "2013.07.27"]
[Round "1"]
[White "Meyer, Juergen"]
[Black "Gutschenreiter, Dorian"]
[Result "1-0"]
[WhiteElo "1991"]
[BlackElo "1656"]
[PlyCount "93"]
[EventDate "2013.07.27"]
[EventType "swiss"]
[EventRounds "9"]
[EventCountry "GER"]
[SourceTitle "EXT 2018"]
[Source "ChessBase"]
[SourceDate "2017.10.13"]
[SourceVersion "1"]
[SourceVersionDate "2017.10.13"]
[SourceQuality "1"]

1. e4 c5 2. Nf3 d6 3. d4 cxd4 4. Qxd4 Nc6 5. Bb5 Bd7 6. Bxc6 Bxc6 7. Nc3 Nf6 8. Bg5 e5 9. Qd3 Qb6 10. Bxf6 gxf6 11. 0-0-0 Bh6+ 12. Kb1 0-0-0 13. Qc4 Qc7 14. Nh4 Kb8 15. Nf5 Bf8 16. Nd5 Bxd5 17. Qxc7+ Kxc7 18. Rxd5 Rg8 19. g3 Kd7 20. Rhd1 Ke6 21. R1d3 Rg5 22. h4 Rxf5 23. exf5+ Kxf5 24. c4 Rc8 25. b3 Ke6 26. Kc2 f5 27. Kd1 Rc6 28. Ke2 Bh6 29. Rd1 Ra6 30. a4 Rc6 31. f3 f6 32. g4 Bf4 33. gxf5+ Ke7 34. Kd3 Rc5 35. Ke4 Rxd5 36. Kxd5 Be3 37. b4 Bh6 38. Rd3 Bf8 39. c5 dxc5 40. bxc5 Kd7 41. Rb3 Kc7 42. Rb2 Be7 43. Rg2 Kd7 44. Rg7 h5 45. Rh7 Ke8 46. Rxh5 Bf8 47. Rh7 1-0